[Event "C.to Mondiale U18 femminile"]
[Site "Oropesa del Mar ESP"]
[Date "1999.11.02"]
[Round "9"]
[White "Arnetta, Marianna"]
[Black "Jackova, Jana"]
[Result "0-1"]
[WhiteElo "1714"]
[BlackElo "2233"]
[PlyCount "70"]
[EventDate "1999.10.24"]

1. e4 e5 2. Nf3 Nc6 3. Bc4 Bc5 4. c3 Nf6 5. d4 exd4 6. cxd4 Bb4+ 7. Bd2 Bxd2+
8. Nbxd2 d5 9. exd5 Nxd5 10. Qb3 Nce7 11. O-O O-O 12. Rfe1 c6 13. Ne4 Ng6 14.
Rad1 Qa5 15. Nd6 Bg4 16. Nxb7 Qb6 17. Bxd5 cxd5 18. Nc5 Rfd8 19. Re3 Nf4 20.
Rde1 Qh6 21. Qb7 f6 22. Qb3 Bxf3 23. Rxf3 Ne2+ 24. Kh1 Nxd4 25. Qd3 Nxf3 26.
Qxf3 Qd2 27. Rd1 Qxb2 28. Ne6 Rd7 29. Nxg7 Kh8 30. Nh5 Rf8 31. h3 Qxa2 32. Qg4
Re7 33. Nf4 Qxf2 34. Rxd5 Rg8 35. Ng6+ Rxg6 0-1

[Event "C.to Mondiale U18 femminile"]
[Site "Oropesa del Mar ESP"]
[Date "1999.11.04"]
[Round "10"]
[White "Bekker-Jensen, Anne"]
[Black "Arnetta, Marianna"]
[Result "1/2-1/2"]
[WhiteElo "2074"]
[BlackElo "1714"]
[PlyCount "103"]
[EventDate "1999.10.24"]

1. d4 e6 2. c4 d5 3. Nc3 Be7 4. Nf3 Nf6 5. cxd5 exd5 6. Bg5 h6 7. Bh4 O-O 8. e3
b6 9. Qc2 Bb7 10. Bd3 Nbd7 11. O-O c5 12. Rac1 Rc8 13. Qa4 c4 14. Bf5 Bc6 15.
Qd1 Ra8 16. Ne5 Nxe5 17. dxe5 Ne4 18. Bxe7 Nxc3 19. Bxd8 Nxd1 20. Rfxd1 Rfxd8
21. e6 Kf8 22. exf7 Kxf7 23. Rd4 b5 24. Rcd1 Ke7 25. Bg4 a5 26. Bf3 Rac8 27.
Kf1 b4 28. Bxd5 Bxd5 29. Rxd5 Rxd5 30. Rxd5 c3 31. bxc3 bxc3 32. Rd1 Ke6 33.
Ke2 Rb8 34. Kd3 Rb2 35. Kxc3 Rxf2 36. Rd2 Rf8 37. Rb2 Rc8+ 38. Kd3 Rd8+ 39. Ke4
Rc8 40. g3 Rc4+ 41. Kd3 Ra4 42. h3 Kd5 43. e4+ Ke5 44. Rb5+ Ke6 45. Rb6+ Kf7
46. Ke3 Rxa2 47. Kf4 Rf2+ 48. Ke3 Ra2 49. Ra6 a4 50. Kf3 Ra1 51. Kg4 a3 52. Kf5
1/2-1/2

[Event "C.to Mondiale U18 femminile"]
[Site "Oropesa del Mar ESP"]
[Date "1999.11.05"]
[Round "11"]
[White "Arnetta, Marianna"]
[Black "Mirzoeva, Elmira"]
[Result "0-1"]
[WhiteElo "1714"]
[BlackElo "2261"]
[PlyCount "90"]
[EventDate "1999.10.24"]

1. e4 c5 2. Nc3 Nc6 3. f4 g6 4. Nf3 Bg7 5. Bc4 e6 6. O-O Nge7 7. d3 O-O 8. Qe1
Nd4 9. Nxd4 cxd4 10. Ne2 d5 11. Bb3 dxe4 12. dxe4 Bd7 13. Qf2 Bb5 14. Rd1 Nc6
15. Ng3 e5 16. f5 Na5 17. Bd5 Bc4 18. Bxc4 Nxc4 19. Rf1 Qf6 20. b3 Nd6 21. Ba3
Rfd8 22. Bxd6 Rxd6 23. Rad1 Bh6 24. Qe1 Bf4 25. Ne2 Be3+ 26. Kh1 Rc8 27. Rf3
Rxc2 28. fxg6 Qxg6 29. Rg3 Bg5 30. h4 h6 31. Ng1 Qh5 32. Nf3 Rg6 33. Qa5 Be3
34. Qxe5 Qxe5 35. Rxg6+ fxg6 36. Nxe5 Rxa2 37. Nf3 Rb2 38. Rd3 h5 39. e5 Kf7
40. Nxd4 Bxd4 41. Rxd4 Rxb3 42. Rf4+ Ke7 43. Rf6 Rb6 44. Rf2 Ke6 45. Re2 Rb5
0-1

[Event "XXI Festival"]
[Site "Arco ITA"]
[Date "1999.10.23"]
[Round "1"]
[White "Ager, Josef"]
[Black "Cavatorta, Fosco"]
[Result "1-0"]
[WhiteElo "2330"]
[BlackElo "2066"]
[PlyCount "66"]
[EventDate "1999.10.23"]

1.d4 Nc6 2.Nf3 d5 3.g3 Bg4 4.Bg2 Qd7 5.c4 e6 6.O-O O-O-O 7.e3 Kb8 8.Qc2 
Bf5 9.Qc3 f6 10.a3 g5 11.Nbd2 Nge7 12.b4 Ng6 13.b5 Nce7 14.a4 h5 15.c5 Bg7
16.c6 bxc6 17.Nb3 cxb5 18.Nc5 Qc6 19.axb5 Qb6 20.Bd2 Nc8 21.Rfc1 Bf8 22.
Bf1 Bxc5 23.dxc5 Qb7 24.Nd4 Ne5 25.c6 Qa8 26.Nb3 Nf3+ 27.Kh1 Be4 28.Bg2 
Nxd2 29.Qxd2 Bxg2+ 30.Kxg2 e5 31.Qc2 Nd6 32.b6 cxb6 33.c7+ Kb7 1-0

[Event "XXI Festival"]
[Site "Arco ITA"]
[Date "1999.10.23"]
[Round "1"]
[White "Astengo, Marcello"]
[Black "Heinig, Wolfram"]
[Result "0-1"]
[WhiteElo "2017"]
[BlackElo "2296"]
[PlyCount "70"]
[EventDate "1999.10.23"]

1.d4 Nf6 2.c4 d6 3.Nc3 Nbd7 4.e4 e5 5.d5 Nc5 6.Bd3 Be7 7.Nge2 O-O 8.O-O 
Ne8 9.f4 exf4 10.Bxf4 Bg5 11.Bc2 Bxf4 12.Rxf4 a5 13.Ng3 g6 14.Qd4 Qe7 15.
Raf1 Nd7 16.Nge2 Ne5 17.b3 Bd7 18.Qf2 a4 19.Nd4 axb3 20.axb3 Ng7 21.Nf3 
Ng4 22.Qd2 Nh5 23.h3 Nxf4 24.hxg4 g5 25.Nxg5 Qxg5 26.Rxf4 Ra1+ 27.Kf2 Qh4+
28.Ke2 Bxg4+ 29.Kd3 Qg3+ 30.Kd4 c5+ 31.dxc6 bxc6 32.c5 Rd8 33.Kc4 Be6+ 34.
Nd5 cxd5+ 35.exd5 Bxd5+ 0-1

[Event "XXI Festival"]
[Site "Arco ITA"]
[Date "1999.10.23"]
[Round "1"]
[White "Barbafiera, Luigi"]
[Black "Bonomi, Maurizio"]
[Result "1/2-1/2"]
[WhiteElo "1915"]
[BlackElo "2238"]
[PlyCount "27"]
[EventDate "1999.10.23"]

1.e4 e6 2.d4 d5 3.Nd2 Nf6 4.e5 Nfd7 5.Bd3 c5 6.c3 Nc6 7.Ne2 cxd4 8.cxd4 f6
9.exf6 Nxf6 10.O-O Bd6 11.Nf3 O-O 12.Bf4 Bxf4 13.Nxf4 Ne4 14.Ne2 1/2-1/2

[Event "XXI Festival"]
[Site "Arco ITA"]
[Date "1999.10.23"]
[Round "1"]
[White "Borgo, Giulio"]
[Black "Blasco, Domenico"]
[Result "1-0"]
[WhiteElo "2444"]
[BlackElo "2111"]
[PlyCount "83"]
[EventDate "1999.10.23"]

1.e4 Nf6 2.e5 Nd5 3.d4 d6 4.Bc4 e6 5.Qe2 Be7 6.Nf3 O-O 7.O-O c6 8.Bb3 b5 
9.Nbd2 b4 10.Rd1 a5 11.a4 Ba6 12.Qe1 Nd7 13.Ne4 dxe5 14.dxe5 Nc5 15.Nxc5 
Bxc5 16.Bg5 Be7 17.h4 h6 18.Bc1 Qb6 19.Rb1 Qc5 20.Qe4 Rfd8 21.Bd2 Rd7 22.
Be3 Nxe3 23.Rxd7 Nd5 24.Bxd5 cxd5 25.Qd4 Qxc2 26.Qd1 Qxd1+ 27.Rxd1 Bd8 28.
Rc1 Be2 29.Nd4 Bc4 30.b3 Bd3 31.h5 Bb6 32.Nb5 Be2 33.Rc6 Bd8 34.f3 Bd1 35.
Nd4 Rb8 36.Rc1 Bxb3 37.Nxb3 Bb6+ 38.Kf1 Kf8 39.Ke2 Ke8 40.Rd6 Ke7 41.Kd3 
Rb7 42.Rdc6 1-0

[Event "XXI Festival"]
[Site "Arco ITA"]
[Date "1999.10.23"]
[Round "1"]
[White "Burchert, Wolfgang"]
[Black "Lazarev, Vladimir"]
[Result "1/2-1/2"]
[WhiteElo "2187"]
[BlackElo "2501"]
[PlyCount "99"]
[EventDate "1999.10.23"]

1.e4 c5 2.Nf3 Nc6 3.c3 Nf6 4.e5 Nd5 5.d4 cxd4 6.cxd4 d6 7.Bc4 Nb6 8.Bb5 
dxe5 9.Nxe5 Bd7 10.Bxc6 Bxc6 11.Nxc6 bxc6 12.O-O g6 13.Qf3 Qd5 14.Qxd5 
Nxd5 15.Nc3 Bg7 16.Nxd5 cxd5 17.Be3 Kd7 18.Rfc1 Rhb8 19.Rc2 Rb4 20.Rd1 
Rab8 21.b3 a5 22.Rc5 R8b5 23.Rdc1 Rxc5 24.Rxc5 a4 25.Rxd5+ Ke6 26.Rd8 axb3
27.axb3 Rxb3 28.Kf1 f5 29.g3 Bf6 30.h4 Rb5 31.Ke2 Rd5 32.Rxd5 Kxd5 33.Kd3 
e6 34.f3 Bg7 35.Bf2 h5 36.Be3 Bf6 37.f4 Be7 38.Bd2 Ba3 39.Bc3 Bc1 40.Ba1 
Ba3 41.Bc3 Bd6 42.Bd2 Bc7 43.Be1 Bb6 44.Bc3 Ba7 45.Ba1 Bb8 46.Bc3 Bd6 47.
Bd2 Bf8 48.Be1 Be7 49.Ba5 Bd6 50.Bd2 1/2-1/2

[Event "XXI Festival"]
[Site "Arco ITA"]
[Date "1999.10.23"]
[Round "1"]
[White "Carli, Carlo"]
[Black "Bellia, Fabrizio"]
[Result "0-1"]
[WhiteElo "2074"]
[BlackElo "2333"]
[PlyCount "68"]
[EventDate "1999.10.23"]

1.e4 e5 2.Nf3 Nc6 3.Bb5 a6 4.Bxc6 dxc6 5.Nc3 f6 6.O-O Bd6 7.d3 Ne7 8.Be3 
c5 9.a4 b6 10.Nh4 O-O 11.g4 g6 12.Kh1 Kh8 13.Rg1 Bb7 14.f3 Qd7 15.Qf1 Bc6 
16.Qh3 Rg8 17.Ne2 Bxa4 18.b3 Bc6 19.Ng3 a5 20.Ngf5 gxf5 21.gxf5 Rxg1+ 22.
Rxg1 Rg8 23.Rg4 Qe8 24.Ng2 Qf7 25.c4 a4 26.bxa4 Bxa4 27.Rh4 Bd7 28.Rh6 Ra8
29.Nh4 Ra1+ 30.Kg2 Qg7+ 31.Qg3 Ra2+ 32.Kf1 Qxg3 33.hxg3 Ng8 34.Rh5 Be8 0-1

[Event "XXI Festival"]
[Site "Arco ITA"]
[Date "1999.10.23"]
[Round "1"]
[White "Diotallevi, Maurizio"]
[Black "Luciani, Carlo"]
[Result "0-1"]
[WhiteElo "1909"]
[BlackElo "2228"]
[PlyCount "126"]
[EventDate "1999.10.23"]

1.d4 c5 2.e3 Nf6 3.Nf3 g6 4.Bd3 Bg7 5.O-O Qc7 6.c3 d6 7.Nbd2 b6 8.Qe2 O-O 
9.Re1 a6 10.e4 e5 11.dxe5 dxe5 12.Nf1 Bb7 13.N3d2 b5 14.b3 Nc6 15.Bb2 Rfd8
16.Rad1 b4 17.Ne3 bxc3 18.Bxc3 Nd4 19.Qf1 a5 20.a4 Bc6 21.Nec4 Rdb8 22.Rb1
Nh5 23.g3 Bd7 24.Ne3 Bh6 25.Nd5 Qd8 26.Bxd4 cxd4 27.Nc4 f6 28.Na3 Rc8 29.
Bc4 Kh8 30.Nc2 Rab8 31.Qe2 Ng7 32.Na3 Bh3 33.Nb5 Ne8 34.Rbd1 Qd7 35.Rb1 
Kg7 36.Rbd1 Bg5 37.Rb1 h5 38.f3 Kh8 39.Ra1 Bh6 40.Red1 Kg7 41.Rab1 Be6 42.
Rb2 Nd6 43.Nxd6 Qxd6 44.Rc2 Rd8 45.Kg2 f5 46.Qd3 h4 47.Re1 Rbc8 48.Rd1 Rf8
49.Rf1 Rcd8 50.Ra2 Rh8 51.Rh1 h3+ 52.Kf1 Rhf8 53.Ke1 Rf7 54.Rf2 Qa3 55.
Rhf1 Rfd7 56.Rc2 fxe4 57.fxe4 Bg4 58.Kf2 Rxd5 59.Bxd5 Be3+ 60.Qxe3 dxe3+ 
61.Kxe3 Rxd5 62.exd5 Qxb3+ 63.Kd2 Qxd5+ 0-1

[Event "XXI Festival"]
[Site "Arco ITA"]
[Date "1999.10.23"]
[Round "1"]
[White "Drasko, Milan"]
[Black "Lantini, Marco"]
[Result "1-0"]
[WhiteElo "2509"]
[BlackElo "2193"]
[PlyCount "67"]
[EventDate "1999.10.23"]

1.d4 Nf6 2.c4 e6 3.Nc3 Bb4 4.Qc2 O-O 5.a3 Bxc3+ 6.Qxc3 b6 7.Bg5 Ba6 8.Nf3 
d6 9.Nd2 h6 10.Bh4 Nbd7 11.e3 c5 12.dxc5 bxc5 13.Bd3 Qb6 14.O-O Bb7 15.
Rfd1 Rfc8 16.f3 d5 17.Bf2 Qd8 18.Rac1 Qe7 19.Bb1 Rc6 20.Nb3 Ba6 21.Na5 
Rcc8 22.cxd5 exd5 23.Bf5 Qd6 24.Nb3 c4 25.Nd4 Rd8 26.Bg3 Qb6 27.b4 Bb7 28.
a4 a5 29.bxa5 Qc5 30.Nb5 Nf8 31.Be5 Ne6 32.Bxe6 fxe6 33.Bc7 d4 34.exd4 1-0

[Event "XXI Festival"]
[Site "Arco ITA"]
[Date "1999.10.23"]
[Round "1"]
[White "Haag, Martin"]
[Black "Dubois, Martine"]
[Result "1-0"]
[WhiteElo "2292"]
[BlackElo "2012"]
[PlyCount "69"]
[EventDate "1999.10.23"]

1.c4 c5 2.Nf3 g6 3.d4 Bg7 4.e4 cxd4 5.Nxd4 Qb6 6.Nb3 Nc6 7.Nc3 d6 8.Be3 
Qd8 9.Rc1 b6 10.Be2 Nf6 11.O-O h5 12.f3 Be6 13.Qd2 Nd7 14.Nd4 Nxd4 15.Bxd4
Bh6 16.f4 f6 17.Be3 Bf7 18.b3 Rc8 19.Nb5 a6 20.Nd4 Nc5 21.Bf3 e5 22.Ne2 g5
23.fxg5 fxg5 24.Ng3 h4 25.Nf5 g4 26.Nxd6+ Qxd6 27.Qxd6 Bxe3+ 28.Kh1 Rh6 
29.Qxe5+ Re6 30.Qh8+ Kd7 31.Qg7 gxf3 32.Qxf7+ Kc6 33.gxf3 Rc7 34.Qf5 Bxc1 
35.Qd5# 1-0

[Event "XXI Festival"]
[Site "Arco ITA"]
[Date "1999.10.23"]
[Round "1"]
[White "Haldemann, Paul"]
[Black "Frilli, Fabio"]
[Result "1-0"]
[WhiteElo "2235"]
[BlackElo "1915"]
[PlyCount "81"]
[EventDate "1999.10.23"]

1.d4 f5 2.Nf3 Nf6 3.Bg5 e6 4.Nbd2 Be7 5.Bxf6 Bxf6 6.e4 fxe4 7.Nxe4 O-O 8.
Bd3 Nc6 9.c3 d5 10.Nxf6+ Qxf6 11.Qe2 Bd7 12.O-O Be8 13.Ne5 Nxe5 14.dxe5 
Qg5 15.Qc2 Bh5 16.Bxh7+ Kh8 17.Bd3 Bf3 18.g3 Qg4 19.Rfe1 Rf5 20.Bxf5 exf5 
21.Qd3 Re8 22.Re3 Be4 23.Qe2 Qh3 24.f3 f4 25.gxf4 Bf5 26.Qg2 Qh6 27.Qg5 
Qh3 28.Kh1 Re6 29.Rg1 Rg6 30.Qd8+ Kh7 31.Rxg6 Bxg6 32.Qg5 c5 33.Qg4 Qf1+ 
34.Qg1 Qc4 35.e6 d4 36.cxd4 cxd4 37.Re1 d3 38.e7 Qxf4 39.Qxg6+ Kxg6 40.
e8=Q+ Kh6 41.Qe3 1-0

[Event "XXI Festival"]
[Site "Arco ITA"]
[Date "1999.10.23"]
[Round "1"]
[White "Heinlein, Reinhold"]
[Black "Arlandi, Ennio"]
[Result "0-1"]
[WhiteElo "2145"]
[BlackElo "2465"]
[PlyCount "92"]
[EventDate "1999.10.23"]

1.d4 Nf6 2.c4 e6 3.Nf3 d5 4.Nc3 Be7 5.Bg5 O-O 6.e3 h6 7.Bxf6 Bxf6 8.Bd3 c6
9.O-O Nd7 10.Rc1 dxc4 11.Bxc4 e5 12.Ne4 exd4 13.Nxf6+ Nxf6 14.Qxd4 Qxd4 
15.Nxd4 Bd7 16.Rfd1 Rad8 17.h3 Bc8 18.Nf3 Rxd1+ 19.Rxd1 Re8 20.Kf1 Kf8 21.
Ke2 Ne4 22.Nd4 Ke7 23.f3 Nd6 24.Bd3 Bd7 25.Rc1 Rc8 26.f4 c5 27.Nf3 c4 28.
Bb1 b5 29.e4 b4 30.Nd4 Nb5 31.Ke3 f6 32.g4 g5 33.Nf5+ Bxf5 34.exf5 a5 35.
fxg5 hxg5 36.Be4 Rc5 37.Rh1 c3 38.bxc3 Nxc3 39.Bb1 Nxb1 40.Rxb1 Rc3+ 41.
Kd4 Rxh3 42.Kc5 Rh2 43.a3 bxa3 44.Rb7+ Kf8 45.Ra7 Re2 46.Rxa5 Re5+ 0-1

[Event "XXI Festival"]
[Site "Arco ITA"]
[Date "1999.10.23"]
[Round "1"]
[White "Klimm, Wolf-Dietrich"]
[Black "Slobodjan, Roman"]
[Result "0-1"]
[WhiteElo "2212"]
[BlackElo "2550"]
[PlyCount "146"]
[EventDate "1999.10.23"]

1.Nf3 g6 2.g3 Bg7 3.Bg2 e5 4.O-O d5 5.c4 dxc4 6.Qa4+ Nc6 7.Qxc4 Nge7 8.Nc3
O-O 9.d3 Be6 10.Qh4 f6 11.Bd2 Kh8 12.Bh6 Qd7 13.Bxg7+ Kxg7 14.Qa4 Rfd8 15.
b4 Nd5 16.Nxd5 Bxd5 17.b5 Ne7 18.Qb4 a5 19.Qc3 Qxb5 20.Qxc7 Rd7 21.Qc3 Rc8
22.Qa3 Rc2 23.Rfb1 Qa6 24.Rb2 Qc6 25.Rxc2 Qxc2 26.e4 Be6 27.d4 exd4 28.
Nxd4 Rxd4 29.Qxe7+ Bf7 30.e5 Qf5 31.Qxf6+ Qxf6 32.exf6+ Kxf6 33.Bxb7 a4 
34.a3 Rc4 35.f4 Rc2 36.Be4 Re2 37.Bd3 Rd2 38.Be4 Bb3 39.h4 Bd5 40.Bxd5 
Rxd5 41.g4 Rd4 42.Rf1 h5 43.gxh5 gxh5 44.Kg2 Kf5 45.Kg3 Rd3+ 46.Rf3 Rb3 
47.Kg2 Kg4 48.Rf2 Kf5 49.Rf3 Rb1 50.Rc3 Rb2+ 51.Kg1 Kxf4 52.Kf1 Rb3 53.Rc5
Kg4 54.Kg2 Rg3+ 55.Kh2 Rf3 56.Rc4+ Rf4 57.Rc8 Kxh4 58.Ra8 Kg4 59.Kg2 Rc4 
60.Kf2 h4 61.Rg8+ Kh3 62.Ra8 Rg4 63.Ra7 Rf4+ 64.Ke3 Kg3 65.Rg7+ Rg4 66.Rf7
h3 67.Rf3+ Kg2 68.Rf2+ Kg1 69.Rc2 h2 70.Rc1+ Kg2 71.Rc2+ Kg3 72.Rc1 Rh4 
73.Rh1 Kg2 0-1

[Event "XXI Festival"]
[Site "Arco ITA"]
[Date "1999.10.23"]
[Round "1"]
[White "Mordiglia, Riccardo"]
[Black "Efimov, Igor"]
[Result "0-1"]
[WhiteElo "2118"]
[BlackElo "2445"]
[PlyCount "70"]
[EventDate "1999.10.23"]

1.d4 Nf6 2.Nf3 d6 3.Bf4 Nh5 4.Bg5 h6 5.Bh4 g5 6.Bg3 Bg7 7.e3 c5 8.c3 Nc6 
9.dxc5 Nxg3 10.hxg3 dxc5 11.Qxd8+ Kxd8 12.Na3 a6 13.O-O-O+ Kc7 14.e4 b5 
15.Nc2 Bb7 16.Ne3 e6 17.Be2 Ne7 18.Nd2 Rad8 19.Bh5 Rhf8 20.Rhe1 Rd7 21.Nb3
Rxd1+ 22.Rxd1 c4 23.Nc5 Bc8 24.Kc2 Be5 25.b4 Bd6 26.a4 f5 27.axb5 axb5 28.
exf5 Bxc5 29.bxc5 Nxf5 30.Nxf5 Rxf5 31.Bf3 Bb7 32.Re1 Bxf3 33.gxf3 Rxf3 
34.Rxe6 Rxf2+ 35.Kc1 Rf3 0-1

[Event "XXI Festival"]
[Site "Arco ITA"]
[Date "1999.10.23"]
[Round "1"]
[White "Ortega, Lexy"]
[Black "Lettich, Sergio"]
[Result "1-0"]
[WhiteElo "2499"]
[BlackElo "2182"]
[PlyCount "45"]
[EventDate "1999.10.23"]

1.d4 Nf6 2.Nf3 e6 3.Bf4 d6 4.c4 Be7 5.Nc3 Nbd7 6.e4 O-O 7.e5 Ne8 8.h4 dxe5
9.dxe5 b6 10.Bd3 f5 11.Qe2 c6 12.O-O-O Qc7 13.Ng5 Nc5 14.Qh5 h6 15.Qg6 
Bxg5 16.hxg5 Qf7 17.Qxf7+ Rxf7 18.gxh6 g6 19.Bg5 Nd7 20.f4 c5 21.Rd2 Nb8 
22.h7+ Kh8 23.Bf6+ 1-0

[Event "XXI Festival"]
[Site "Arco ITA"]
[Date "1999.10.23"]
[Round "1"]
[White "Prang, Edgar"]
[Black "Falbo, Sandro"]
[Result "0-1"]
[WhiteElo "2249"]
[BlackElo "2082"]
[PlyCount "78"]
[EventDate "1999.10.23"]

1.Nf3 Nf6 2.g3 g6 3.b3 Bg7 4.Bb2 O-O 5.Bg2 d5 6.c4 c6 7.O-O Nbd7 8.Qc2 Re8
9.Nc3 dxc4 10.bxc4 e5 11.d3 Qc7 12.Rab1 Nf8 13.Ng5 N6d7 14.Ba3 Ne6 15.Nxe6
Rxe6 16.Ne4 Bf8 17.c5 h6 18.Rfc1 Qd8 19.Bh3 Re8 20.Bxd7 Bxd7 21.Rxb7 Be6 
22.Qa4 Bd5 23.Rd7 Qc8 24.Rxa7 Rxa7 25.Qxa7 Bxe4 26.dxe4 Qe6 27.Bb2 Rd8 28.
Qa5 Rb8 29.Ba1 Rb5 30.Qa8 h5 31.a4 Rb4 32.a5 h4 33.a6 h3 34.a7 Ra4 35.Qb8 
Qc4 36.Re1 Qxe4 37.f3 Qe3+ 38.Kf1 Rxa7 39.Qxa7 Bxc5 0-1

[Event "XXI Festival"]
[Site "Arco ITA"]
[Date "1999.10.23"]
[Round "1"]
[White "Ptaschinski, Dirk"]
[Black "Naumkin, Igor"]
[Result "0-1"]
[WhiteElo "2182"]
[BlackElo "2489"]
[PlyCount "116"]
[EventDate "1999.10.23"]

1.d4 Nf6 2.c4 e6 3.Nf3 b6 4.Bf4 Bb7 5.e3 Bb4+ 6.Nbd2 O-O 7.Bd3 c5 8.Bd6 
Re8 9.O-O Nc6 10.a3 Bxd2 11.Qxd2 Na5 12.Qe2 Ne4 13.Bxe4 Bxe4 14.Nd2 Bc6 
15.dxc5 bxc5 16.b4 Nb7 17.Bg3 d6 18.b5 Bd7 19.Qd3 e5 20.Rfd1 Re6 21.Nb3 h5
22.f3 Rb8 23.a4 h4 24.Be1 e4 25.fxe4 Qg5 26.Bf2 Rg6 27.g3 Bg4 28.Rf1 Nd8 
29.Qd5 hxg3 30.hxg3 Qh6 31.e5 Ne6 32.Nd2 Ng5 33.Qh1 Nh3+ 34.Kg2 Qh5 35.Ra3
dxe5 36.e4 Nf4+ 37.Kg1 Qxh1+ 38.Kxh1 Rh6+ 39.Kg1 Ne2+ 40.Kg2 Bh3+ 41.Kf3 
Nd4+ 42.Bxd4 Rf6+ 43.Ke2 Bxf1+ 44.Nxf1 exd4 45.Nd2 Re6 46.Rf3 Re5 47.a5 
Kf8 48.Kd3 a6 49.b6 Ke7 50.Rf1 Rh8 51.Rb1 Rg5 52.Nf1 Kd7 53.Ke2 Kc8 54.Rb3
Re8 55.Kf3 Rge5 56.Nd2 f5 57.exf5 Rxf5+ 58.Kg4 Rf2 0-1

[Event "XXI Festival"]
[Site "Arco ITA"]
[Date "1999.10.23"]
[Round "1"]
[White "Rahls, Peter"]
[Black "Ragonese, Lucio Rosario"]
[Result "0-1"]
[WhiteElo "2278"]
[BlackElo "2010"]
[PlyCount "62"]
[EventDate "1999.10.23"]

1.e4 c6 2.c4 d5 3.cxd5 cxd5 4.exd5 Nf6 5.Bb5+ Nbd7 6.Nc3 a6 7.Bxd7+ Qxd7 
8.Nf3 Nxd5 9.O-O e6 10.Ne5 Nxc3 11.bxc3 Qd5 12.d4 b5 13.Re1 Be7 14.Qg4 Bf6
15.Ba3 Bb7 16.Re3 h5 17.Qg3 h4 18.Qh3 Rh5 19.Nf3 Rf5 20.Rae1 O-O-O 21.Bc5 
Rh8 22.a4 Rh6 23.axb5 axb5 24.Ne5 Bxe5 25.Rxe5 Rxe5 26.Rxe5 Qa2 27.Qe3 Rg6
28.g3 hxg3 29.hxg3 Rh6 30.f3 Qh2+ 31.Kf1 Qh1+ 0-1

[Event "XXI Festival"]
[Site "Arco ITA"]
[Date "1999.10.23"]
[Round "1"]
[White "Ricci, Alfredo"]
[Black "Medancic, Rikard"]
[Result "0-1"]
[WhiteElo "2042"]
[BlackElo "2329"]
[PlyCount "80"]
[EventDate "1999.10.23"]

1.e4 e5 2.Nf3 Nc6 3.Bc4 Be7 4.O-O Nf6 5.d3 O-O 6.Nc3 d6 7.Nd5 Nxd5 8.Bxd5 
Be6 9.c4 Bg4 10.Bxc6 bxc6 11.h3 Bh5 12.g4 Bg6 13.Be3 c5 14.Nd2 Bg5 15.Qf3 
Rb8 16.b3 a5 17.Kg2 Re8 18.Rh1 c6 19.Rad1 Be7 20.Qe2 a4 21.f4 exf4 22.Bxf4
axb3 23.Nxb3 Ra8 24.Nc1 Bf6 25.Qf2 d5 26.Qxc5 dxe4 27.d4 e3 28.Kf1 Bc2 29.
Ke2 Bxd1+ 30.Rxd1 Re4 31.Bd6 Qe8 32.Rd3 h6 33.Rb3 Bxd4 34.Qf5 Re6 35.c5 
Rf6 36.Qd3 Rf2+ 37.Ke1 Rd2 38.Qf1 e2 39.Nxe2 Raxa2 40.Rb8 Rxe2+ 0-1

[Event "XXI Festival"]
[Site "Arco ITA"]
[Date "1999.10.23"]
[Round "1"]
[White "Romanishin, Oleg M."]
[Black "Svensson, Leif"]
[Result "1-0"]
[WhiteElo "2567"]
[BlackElo "2221"]
[PlyCount "76"]
[EventDate "1999.10.23"]

1.d4 d5 2.c4 Bf5 3.cxd5 Bxb1 4.Qa4+ c6 5.Rxb1 Qxd5 6.Nf3 Nd7 7.e3 Qe4 8.
Ra1 e5 9.Be2 exd4 10.O-O Nc5 11.Qxd4 Rd8 12.Qxe4+ Nxe4 13.Nd4 g6 14.f3 Nd6
15.Rd1 Bg7 16.Nb3 Ne7 17.e4 O-O 18.Bg5 Ndc8 19.Rab1 h6 20.Bf4 b6 21.h4 h5 
22.Bg5 Rfe8 23.Rd2 Rxd2 24.Nxd2 Nd6 25.Nc4 Nxc4 26.Bxc4 Bd4+ 27.Kf1 Kg7 
28.b4 Nc8 29.Rd1 c5 30.Bb5 Rf8 31.Bc6 f6 32.Bf4 Ne7 33.Ba4 Rc8 34.bxc5 
Bxc5 35.Rd7 a5 36.Rb7 Kf8 37.Bc7 Bd4 38.Bd7 Kg7 1-0

[Event "XXI Festival"]
[Site "Arco ITA"]
[Date "1999.10.23"]
[Round "1"]
[White "Rotstein, Arkadij"]
[Black "Kloster, Josef"]
[Result "1-0"]
[WhiteElo "2460"]
[BlackElo "2145"]
[PlyCount "43"]
[EventDate "1999.10.23"]

1.c4 e5 2.Nc3 d6 3.g3 c6 4.Bg2 Be6 5.b3 Nd7 6.Bb2 Ngf6 7.d4 exd4 8.Qxd4 
Qb6 9.Nf3 d5 10.Qxb6 Nxb6 11.cxd5 Nbxd5 12.Nxd5 Bxd5 13.O-O Be7 14.e4 Be6 
15.Nd4 O-O 16.Nxe6 fxe6 17.Rae1 Rad8 18.Bh3 Kf7 19.Re2 Rd3 20.e5 Nd5 21.
Bg2 Nc3 22.Re3 1-0

[Event "XXI Festival"]
[Site "Arco ITA"]
[Date "1999.10.23"]
[Round "1"]
[White "Rytshagov, Mikhail"]
[Black "Gorelli Fagiolini, Marco"]
[Result "1/2-1/2"]
[WhiteElo "2539"]
[BlackElo "2206"]
[PlyCount "98"]
[EventDate "1999.10.23"]

1.e4 e6 2.d4 d5 3.Nc3 Nf6 4.Bg5 Bb4 5.e5 h6 6.Bc1 Ne4 7.Qg4 g6 8.Ne2 c5 9.
a3 cxd4 10.axb4 dxc3 11.Nxc3 Nxc3 12.bxc3 Qc7 13.Qg3 Nc6 14.f4 Bd7 15.Bd2 
a6 16.Bd3 Na7 17.O-O Bb5 18.Be3 Bc4 19.Bc5 b6 20.Bd6 Qb7 21.Bxc4 dxc4 22.
Qh4 Nb5 23.Rf3 Rd8 24.Qf6 Rg8 25.Rd1 Rd7 26.f5 gxf5 27.Rg3 Rf8 28.Qxh6 
Nxd6 29.exd6 Qe4 30.Qd2 b5 31.Re3 Qc6 32.Qd4 Rg8 33.Rg3 Rf8 34.Re3 Rd8 35.
Re5 Rg8 36.g3 Rg4 37.Qd2 Qf3 38.Re3 Qc6 39.Re5 Qf3 40.Rf1 Rxg3+ 41.hxg3 
Qxg3+ 42.Qg2 Qxe5 43.Qg8+ Kd7 44.Qxf7+ Kxd6 45.Rd1+ Kc6 46.Rxd8 Qe1+ 47.
Kg2 Qe2+ 48.Kg1 Qe1+ 49.Kg2 Qe2+ 1/2-1/2

[Event "XXI Festival"]
[Site "Arco ITA"]
[Date "1999.10.23"]
[Round "1"]
[White "Schiappacasse, Marcello"]
[Black "Mauro, Alan"]
[Result "1/2-1/2"]
[WhiteElo "2011"]
[BlackElo "2278"]
[PlyCount "99"]
[EventDate "1999.10.23"]

1.d4 Nf6 2.Nf3 g6 3.c4 Bg7 4.Nc3 O-O 5.e4 d6 6.Be2 e5 7.O-O exd4 8.Nxd4 
Nc6 9.Be3 Re8 10.f3 Ne5 11.Qd2 c6 12.Nc2 Be6 13.b3 d5 14.cxd5 cxd5 15.exd5
Nxd5 16.Nxd5 Bxd5 17.Rad1 Be6 18.Bb5 Nc6 19.Nd4 Bxd4 20.Bxd4 Qxd4+ 21.Qxd4
Nxd4 22.Rxd4 Red8 23.Rfd1 Rxd4 24.Rxd4 Rc8 25.Rd2 Rc5 26.Be2 a5 27.Kf2 Kg7
28.g3 Kf6 29.f4 b5 30.Ke3 b4 31.Bd3 Ke7 32.Rc2 Kd6 33.Rxc5 Kxc5 34.Be4 a4 
35.Bc2 a3 36.Bb1 Bg4 37.Bc2 f6 38.h4 Be6 39.Bb1 h6 40.Bc2 g5 41.fxg5 fxg5 
42.hxg5 hxg5 43.Bb1 Kd5 44.Bc2 Ke5 45.Bb1 Bg4 46.Bc2 Bh5 47.Bb1 Bd1 48.Kd2
Bf3 49.Ke3 g4 50.Bc2 1/2-1/2

[Event "XXI Festival"]
[Site "Arco ITA"]
[Date "1999.10.23"]
[Round "1"]
[White "Skembris, Spyridon"]
[Black "Hocevar, Nikola"]
[Result "1-0"]
[WhiteElo "2477"]
[BlackElo "2174"]
[PlyCount "99"]
[EventDate "1999.10.23"]

1.d4 d5 2.c4 e6 3.Nf3 Nf6 4.Nc3 c6 5.e3 Nbd7 6.Qc2 Bd6 7.Bd3 Qe7 8.O-O h6 
9.b3 O-O 10.Bb2 Re8 11.Rae1 Bb4 12.Re2 b6 13.Ra1 Bb7 14.Nb1 Bd6 15.Nbd2 
Ba3 16.Bc3 Bb4 17.Bxb4 Qxb4 18.a3 Qd6 19.b4 e5 20.c5 Qc7 21.dxe5 Nxe5 22.
Nxe5 Qxe5 23.Rc1 Nd7 24.Nf3 Qf6 25.Rd2 a5 26.cxb6 axb4 27.axb4 Nxb6 28.Nd4
Rec8 29.Bh7+ Kh8 30.Bf5 Rc7 31.Bd3 g6 32.Qb3 Rcc8 33.Rdc2 Nd7 34.h3 Ne5 
35.Be2 Kh7 36.f4 Nd7 37.Bg4 Qd6 38.e4 h5 39.e5 Qe7 40.Bxd7 Qxd7 41.f5 Qe7 
42.fxg6+ fxg6 43.e6 Qf6 44.Qe3 Qe7 45.Rf2 Rf8 46.Rcf1 Rxf2 47.Rxf2 Rf8 48.
Rxf8 Qxf8 49.e7 Qe8 50.Ne6 1-0

[Event "XXI Festival"]
[Site "Arco ITA"]
[Date "1999.10.23"]
[Round "1"]
[White "Sturma, Mauro"]
[Black "Rossi, Carlo"]
[Result "0-1"]
[WhiteElo "2095"]
[BlackElo "2361"]
[PlyCount "66"]
[EventDate "1999.10.23"]

1.e4 c5 2.Nf3 Nc6 3.d4 cxd4 4.Nxd4 g6 5.Be2 Bg7 6.Be3 Nf6 7.Nc3 O-O 8.O-O 
d6 9.Nxc6 bxc6 10.f4 Qa5 11.a3 Rb8 12.b4 Qc7 13.Qd2 a5 14.Rab1 axb4 15.
axb4 Ra8 16.Bf3 Ra3 17.b5 Qa5 18.Ne2 Qxd2 19.Bxd2 cxb5 20.Nc3 Be6 21.Nxb5 
Ra2 22.Rfc1 Rc8 23.Nc3 Ra3 24.Nd1 Ra4 25.Rb4 Rxb4 26.Bxb4 Rc4 27.c3 Nxe4 
28.Nb2 Rxb4 29.cxb4 Bxb2 30.Rd1 Nc3 31.Rd2 Ba3 32.Rd4 Nb5 33.Rd1 Bxb4 0-1

[Event "XXI Festival"]
[Site "Arco ITA"]
[Date "1999.10.23"]
[Round "1"]
[White "Sulava, Nenad"]
[Black "Dalponte, Dino"]
[Result "1-0"]
[WhiteElo "2467"]
[BlackElo "2163"]
[PlyCount "69"]
[EventDate "1999.10.23"]

1.e4 e6 2.d3 Nc6 3.f4 Bc5 4.Nf3 d6 5.d4 Bb6 6.c3 f5 7.e5 dxe5 8.fxe5 h6 9.
Na3 g5 10.g3 g4 11.Nh4 Qd5 12.Bg2 Qd7 13.Ng6 Rh7 14.Nc4 Nge7 15.Nf4 Na5 
16.Ne3 h5 17.h3 Ng8 18.Qc2 Nc6 19.Bd2 Qf7 20.O-O-O Rg7 21.hxg4 hxg4 22.d5 
Nxe5 23.Qb3 Rg6 24.Nxg6 Qxg6 25.Qc2 Nf3 26.Bxf3 gxf3 27.g4 Bxe3 28.Bxe3 e5
29.gxf5 Bxf5 30.Qa4+ Bd7 31.Qh4 Bf5 32.Rdg1 Qf7 33.Qg5 Kd7 34.Rh8 Bh7 35.
Qg7 1-0